000 00654nam a22002057a 4500
999 _c13942
_d13942
003 AR-CdUCM
008 190417b ||||| |||| 00| 0 spa d
040 _aMUNICIPALIDAD PROVINCIAL DEL CUSCO
_cBIBLIOTECA MUNICIPAL DEL CUSCO
082 _a869.2 /
_bY95
100 _aYurkievich, Saul
_932571
245 _aValoración de Vallejo /
260 _aBuenos Aires :
_bUniversidad Nacional de Nordeste,
_c1958.
300 _a72 paginas ;
_c20 cm.
500 _aDonación de la familia Nieto Dedicatoria a Luis Nieto
650 _aLiteratura
_983
650 _aArgentina
_9511
650 _aSiglo XX
_98
942 _2ddc
_cLIBROS
945 _apjha
_d2019-05-07